| 000 | 02969nam0a2200337 4500 | ||
|---|---|---|---|
| 001 | RU\NLR\BIBL_A\022691175 | ||
| 005 | 20260420061721.0 | ||
| 010 |
_a978-5-98811-869-5 _9500 |
||
| 021 |
_aRU _bКН-П-25-068050 _9КН-П-25-6586 |
||
| 035 | _a(NLR Aleph) 022691175 | ||
| 090 |
_a13687267 _c13687267 |
||
| 100 | _a20251218d2025 k y0rusy50 ca | ||
| 101 | 0 | _arus | |
| 102 | _aRU | ||
| 105 | _aa j 000yy | ||
| 181 | 0 |
_ai _baxxe |
|
| 182 | 0 | _an | |
| 200 | 1 |
_aВнутрипросветная эндоскопическая диагностика и лечение хирургических заболеваний желудочно-кишечного тракта _eучебное пособие _eдля использования в образовательных учреждениях, реализующих основные профессиональные образовательные программы высшего образования подготовки кадров высшей квалификации в ординатуре по специальностям 31.08.70 "Эндоскопия", 31.08.55 "Колопроктология", 31.08.57 "Онкология", 31.08.67 "Хирургия" _fП. В. Царьков, П. В. Павлов, С. И. Бархатов [и др.] _gпод редакцией проф. П. В. Царькова _gФГАОУ ВО "Первый Московский государственный медицинский университет имени И. М. Сеченова" Министерства здравоохранения Российской Федерации (Сеченовский университет), Институт клинической медицины имени Н. В. Склифосовского, Кафедра хирургии |
|
| 203 |
_aТекст _bвизуальный _cнепосредственный |
||
| 210 |
_aМосква _cПрактическая медицина _d2025 |
||
| 215 |
_a187 с. _cцв. ил., табл. _d20 |
||
| 300 | _aНа 4–5-й с. авт.: П. В. Царьков – д-р мед. наук, проф., П. В. Павлов – канд. мед. наук, доц., С. И. Бархатов – канд. мед. наук, доц. [и др.] | ||
| 606 | 1 |
_aЭндоскопия _jУчебные издания для последипломного образования _xПрименение в хирургии желудочно-кишечного тракта _92509169 _3RU\NLR\AUTH\6601702708 |
|
| 686 | 1 | _aР457.445.3-89я77 | |
| 701 | 1 |
_aЦарьков _bП. В. _gПетр Владимирович |
|
| 701 | 1 |
_aПавлов _bП. В. _cканд. мед наук, онкология _gПавел Владимирович _9143720 _3RU\NLR\AUTH\770143756 |
|
| 701 | 1 |
_aБархатов _bС. И. _gСергей Иванович |
|
| 942 | _cBOOK | ||
| 980 | _aNB | ||